000 01769cdb a22002175a 4500
001 L138340
008 070530s2007 xxk f 000 0 eng d
035 _a(Sirsi) u138340
041 0 _aeng
245 0 0 _aBirmingham City Council (Appellants) V Walker (FC) (Respondent)
_h[electronic resource]
260 _c2007
520 _a[2007] UKHL 22, 16 May 2007. B appealed against a decision (L134041) granting W the right to succeed to his mother's local authority housing tenancy after her death. W's mother became a tenant with her husband in 1965, and succeeded to become the sole tenant in 1969 following his death. This became a secure tenancy when the Housing Act 1980 came into force. B argued that W could not succeed to his mother?s tenancy as the Act allowed for succession of tenancy only once, and she herself had succeeded to that sole tenancy from her joint tenancy with her husband. "Held": The Housing Act 1985 s88 limited the number of successions to one, but could not apply to events which predated it. Therefore W's mother should not be considered a successor to the tenancy, but rather a tenant capable of succession by her offspring. The intention of s88 was to close possible loopholes within the 1980 Act, but there was no cause to apply it to events which predated that Act. Appeal dismissed.
590 _aKA
650 2 4 _aHOUSING ACT 1980
650 2 4 _aHOUSING ACT 1985 S88
650 2 4 _aBIRMINGHAM CITY COUNCIL V WALKER
651 4 _aEngland and Wales
_y1543-
690 _aPROPERTY-RESIDENTIAL PROPERTY-RESIDENTIAL LANDLORD AND TENANT-RESIDENTIAL TENANCIES
856 4 0 _uhttps://www.publications.parliament.uk/pa/ld200607/ldjudgmt/jd070516/birm-1.htm
_zView the article free of charge at www.publications.parliament.uk...
942 _n0
999 _c78835
_d78835